Geography Quiz

Random Geography or State Quiz

'I' State Abbreviations Quiz Stats

 Plays Quiz Updated Dec 10, 2017

Challenge
Share
Tweet
Score 0/8 Timer 03:00
24 Plays Today
% Correct
Illinois
92.1%
Indiana
90.1%
Idaho
86.7%
Iowa
86%
Michigan
78.2%
Wisconsin
69.3%
Hawaii
65.2%
Rhode Island
63.2%

You're not logged in!

Compare scores with friends on all Sporcle quizzes.
Join for Free
OR
Log In

You Might Also Like...

Show Comments

Extras

Top Quizzes Today


Score Distribution

Your Account Isn't Verified!

In order to create a playlist on Sporcle, you need to verify the email address you used during registration. Go to your Sporcle Settings to finish the process.

Report this User

Report this user for behavior that violates our Community Guidelines.

Details: